| 000 | 00351nam a2200145Ia 4500 | ||
|---|---|---|---|
| 100 | _aAbbasi/Tasneem/ Abassi/S.A | ||
| 942 | _cBK | ||
| 366 | _f20 | ||
| 245 | _aRenewable energy sources:Their impact on global warming and pollution | ||
| 260 |
_bPHI _c2010 |
||
| 082 |
_a621.042 _bABB |
||
| 300 | _a320 | ||
| 546 |
_aENGLISH _cInfo.Tech |
||
| 999 |
_c21079 _d21079 |
||